| 000 | 01046nam0a22002531 4500 | ||
|---|---|---|---|
| 001 | rc\2934283 | ||
| 005 | 20250529231036.0 | ||
| 035 | _a(NLR Aleph) 007083505 | ||
| 090 |
_a6500969 _c6500969 |
||
| 100 | _a20110822d1933 |||y0rusy50 ca | ||
| 101 | 1 | _arus | |
| 102 | _aRU | ||
| 105 | _aa z ||||| | ||
| 200 | 1 |
_aИмпульсные разрядные напряжения изоляторов _fПер. и ред. инж. И. Маркович _gМатериал отобран, пер. и отред. Мосэнерго |
|
| 210 |
_aМосква _cЦитэин-СО НКТП _d1933 |
||
| 215 |
_a12, [1] с. _cграф. _d15 см |
||
| 225 | 1 |
_aТехническая производственная информация по электротехнике _fЦитэин-СО НКТП _v№ 2 _v27894 _aСерия 8. [ТехСО] |
|
| 300 | _aБез тит. л. Описано по обл. | ||
| 702 | 1 |
_aМаркович _bИ. _4730 |
|
| 801 | 0 |
_aRU _bNLR _gpsbo |
|
| 801 | 1 |
_aRU _bELAR _2rusmarc |
|
| 852 |
_aNLR _j34-8/2779 |
||
| 942 | _cBOOK | ||
| 980 | _aNB | ||